[Event "Gatineau op"]
[Site "Gatineau CAN"]
[Date "2014.03.01"]
[Round "3"]
[White "Zhou, Qiyu"]
[Black "Marchand, Jacques"]
[Result "1-0"]
[WhiteElo "2209"]
[BlackElo "2004"]
[PlyCount "61"]
[EventDate "2014.02.28"]
[EventType "swiss"]
[EventRounds "5"]
[EventCountry "CAN"]

1. e4 e5 2. Nf3 Nc6 3. Bb5 f5 4. d3 fxe4 5. dxe4 Nf6 6. O-O Bc5 7. Qd3 d6 8.
Nc3 O-O 9. Bc4+ Kh8 10. Ng5 Nd4 11. Qd2 Qe7 12. a3 Nc6 13. Nd5 Nxd5 14. Qxd5
Nd8 15. Qd3 Ne6 16. Nxe6 Bxe6 17. b4 Bxc4 18. Qxc4 Bb6 19. Qe2 Qe6 20. Kh1 a5
21. Rb1 a4 22. Bd2 Rf7 23. c4 Bd4 24. f3 b6 25. Qd3 Rff8 26. f4 Qe7 27. f5 Qh4
28. Rf3 Qe7 29. Qe2 Kg8 30. Rg3 Rf7 31. Qh5 1-0

[Event "Gatineau op"]
[Site "Gatineau CAN"]
[Date "2014.03.02"]
[Round "4"]
[White "Adriaanse, Adam"]
[Black "Gelblum, Robert"]
[Result "1/2-1/2"]
[WhiteElo "2097"]
[BlackElo "2236"]
[PlyCount "74"]
[EventDate "2014.02.28"]
[EventType "swiss"]
[EventRounds "5"]
[EventCountry "CAN"]

1. b3 e5 2. Bb2 Nc6 3. c4 Nf6 4. e3 d5 5. cxd5 Nxd5 6. Nc3 Ndb4 7. d3 Bf5 8. e4
Nd4 9. Rc1 Be6 10. Nf3 Nxf3+ 11. gxf3 Nc6 12. Ne2 Bb4+ 13. Bc3 Bxc3+ 14. Rxc3
Qf6 15. Rg1 O-O 16. Qd2 Kh8 17. f4 exf4 18. Qxf4 Qxf4 19. Nxf4 Nd4 20. Rg3 c6
21. Bh3 Bxh3 22. Rxh3 a5 23. Ne2 Rfd8 24. Nxd4 Rxd4 25. Rc4 Rd6 26. Kd2 h6 27.
Ke3 Rad8 28. Ke2 Kg8 29. f4 Kf8 30. Kd2 Ke7 31. Kc3 Rg6 32. Rg3 Rdd6 33. f5
Rxg3 34. hxg3 Kf6 35. Rd4 Ke5 36. Rxd6 Kxd6 37. d4 b5 1/2-1/2

[Event "Gatineau op"]
[Site "Gatineau CAN"]
[Date "2014.03.02"]
[Round "4"]
[White "Barlow Wilkes, Curtis"]
[Black "Kellar, Ben"]
[Result "0-1"]
[WhiteElo "1835"]
[BlackElo "1956"]
[PlyCount "68"]
[EventDate "2014.02.28"]
[EventType "swiss"]
[EventRounds "5"]
[EventCountry "CAN"]

1. d4 d5 2. c4 e6 3. Nc3 Nf6 4. cxd5 exd5 5. Bg5 Be7 6. e3 O-O 7. Bd3 Re8 8.
Qc2 h6 9. Bh4 Nc6 10. a3 Ne4 11. Bxe7 Rxe7 12. Nxe4 dxe4 13. Bb5 Bd7 14. Ne2
Nb4 15. axb4 Bxb5 16. Qc5 a6 17. Rc1 Rc8 18. Nc3 Bd3 19. Qd5 Rd7 20. Qe5 Qf8
21. Qc5 Rd6 22. f4 b6 23. Qh5 Rc6 24. Qd5 Rc4 25. b3 Rxb4 26. Nxe4 Bxe4 27.
Qxe4 Rxb3 28. O-O Re8 29. Qb7 Qe7 30. Rxc7 Qxe3+ 31. Kh1 Qe2 32. Rg1 Rb1 33. h3
Rxg1+ 34. Kxg1 Qe3+ 0-1

[Event "Gatineau op"]
[Site "Gatineau CAN"]
[Date "2014.03.02"]
[Round "4"]
[White "De Kerpel, Stijn"]
[Black "Villeneuve, Robert"]
[Result "1/2-1/2"]
[WhiteElo "2227"]
[BlackElo "2053"]
[PlyCount "50"]
[EventDate "2014.02.28"]
[EventType "swiss"]
[EventRounds "5"]
[EventCountry "CAN"]

1. e4 c5 2. Nf3 d6 3. Bb5+ Bd7 4. Bxd7+ Qxd7 5. O-O Nf6 6. Qe2 Nc6 7. c3 e6 8.
Rd1 Be7 9. d4 cxd4 10. cxd4 d5 11. e5 Ne4 12. Nbd2 Nxd2 13. Bxd2 O-O 14. Bc3
Rfc8 15. a3 Qc7 16. h4 Na5 17. Rac1 Qd8 18. h5 h6 19. Qb5 Nc4 20. Qxb7 Rcb8 21.
Qc6 Rb6 22. Qa4 Rxb2 23. Bxb2 Nxb2 24. Qa6 Nxd1 25. Rxd1 Qc8 1/2-1/2

[Event "Gatineau op"]
[Site "Gatineau CAN"]
[Date "2014.03.02"]
[Round "4"]
[White "Doubleday, William"]
[Black "Libersan, Mattieu"]
[Result "1-0"]
[WhiteElo "2202"]
[BlackElo "1976"]
[PlyCount "121"]
[EventDate "2014.02.28"]
[EventType "swiss"]
[EventRounds "5"]
[EventCountry "CAN"]

1. d4 Nf6 2. c4 e6 3. Nc3 d5 4. Nf3 c6 5. e3 Nbd7 6. Bd3 dxc4 7. Bxc4 b5 8. Be2
a6 9. Qc2 c5 10. O-O Bb7 11. a3 Bd6 12. Rd1 O-O 13. dxc5 Nxc5 14. b4 Nce4 15.
Nxe4 Bxe4 16. Qd2 Be7 17. Bb2 Rc8 18. Rac1 Qxd2 19. Nxd2 Bb7 20. Nb3 Rfd8 21.
Bd4 Rxc1 22. Rxc1 Rc8 23. Rxc8+ Bxc8 24. Bf3 Nd7 25. Bc6 Nb8 26. Ba8 Bd7 27.
Na5 Bf6 28. Ba7 Be5 29. Bb7 g5 30. f3 f5 31. g3 f4 32. exf4 gxf4 33. g4 Kf7 34.
Kf2 Ke7 35. Ke2 Kd8 36. Kd3 Kc7 37. Bd4 Bxd4 38. Kxd4 Kd6 39. Be4 e5+ 40. Kd3
h6 41. h4 Be6 42. Nb7+ Ke7 43. Nc5 Bc4+ 44. Kd2 Nd7 45. Nxa6 Kd6 46. g5 hxg5
47. hxg5 Nb6 48. Nc5 Bg8 49. Kc3 Nd5+ 50. Kb2 Ne3 51. a4 bxa4 52. Nxa4 Nc4+ 53.
Kc3 Na3 54. Nc5 Nb5+ 55. Kd3 Nd4 56. Na4 Nb5 57. Nc3 Nd4 58. g6 Be6 59. g7 Nf5
60. Bxf5 Bxf5+ 61. Ne4+ 1-0

[Event "Gatineau op"]
[Site "Gatineau CAN"]
[Date "2014.03.02"]
[Round "4"]
[White "Lebrun, Roger"]
[Black "Potvin, Daniel"]
[Result "1-0"]
[WhiteElo "1939"]
[BlackElo "1622"]
[PlyCount "89"]
[EventDate "2014.02.28"]
[EventType "swiss"]
[EventRounds "5"]
[EventCountry "CAN"]

1. e4 b6 2. d4 Bb7 3. Bd3 e6 4. Nf3 c5 5. c3 Nc6 6. a3 cxd4 7. cxd4 Rc8 8. O-O
Nf6 9. Re1 Be7 10. Nc3 d6 11. Bg5 h6 12. Be3 Nh7 13. d5 exd5 14. exd5 Nb8 15.
Bb5+ Nd7 16. Nd4 O-O 17. Nc6 Bxc6 18. dxc6 Nb8 19. Nd5 Nxc6 20. Bxb6 axb6 21.
Bxc6 Bf6 22. Qa4 Ng5 23. Re2 Ne6 24. Rae1 Rxc6 25. Nxf6+ Qxf6 26. Qxc6 Nd4 27.
Qxb6 Nxe2+ 28. Rxe2 Rc8 29. Qe3 Qg6 30. g3 Rc5 31. Qe8+ Kh7 32. Qe4 Qxe4 33.
Rxe4 d5 34. Rd4 Kg6 35. b4 Rc1+ 36. Kg2 Ra1 37. Rd3 Kf6 38. Rb3 Ke5 39. b5 Rc1
40. b6 Rc8 41. b7 Rb8 42. a4 Kd4 43. a5 Kc4 44. Rb1 d4 45. a6 1-0

[Event "Gatineau op"]
[Site "Gatineau CAN"]
[Date "2014.03.02"]
[Round "4"]
[White "Marchand, Jacques"]
[Black "Forget, David"]
[Result "1/2-1/2"]
[WhiteElo "2004"]
[BlackElo "1902"]
[PlyCount "50"]
[EventDate "2014.02.28"]
[EventType "swiss"]
[EventRounds "5"]
[EventCountry "CAN"]

1. e4 e6 2. d3 d5 3. Nd2 c5 4. g3 Nc6 5. Bg2 Bd6 6. Ngf3 Nge7 7. O-O O-O 8. Re1
Qc7 9. c3 Bd7 10. Qe2 f6 11. Nb3 e5 12. exd5 Nxd5 13. Nfd2 Nce7 14. Ne4 Rad8
15. Be3 Nxe3 16. fxe3 b6 17. Rad1 Bc6 18. d4 cxd4 19. exd4 Bxe4 20. Qxe4 exd4
21. Rxd4 Be5 22. Rxd8 Rxd8 23. Bf3 Rd6 24. Rd1 Rxd1+ 25. Bxd1 Qc6 1/2-1/2

[Event "Gatineau op"]
[Site "Gatineau CAN"]
[Date "2014.03.02"]
[Round "4"]
[White "Martin, Spencer"]
[Black "Devine, Norman"]
[Result "0-1"]
[WhiteElo "1888"]
[BlackElo "1743"]
[PlyCount "95"]
[EventDate "2014.02.28"]
[EventType "swiss"]
[EventRounds "5"]
[EventCountry "CAN"]

1. e4 d5 2. Nc3 d4 3. Nce2 e5 4. Nf3 Nd7 5. Ng3 c5 6. Bc4 Be7 7. d3 Qc7 8. O-O
Nb6 9. Bb5+ Bd7 10. Bxd7+ Nxd7 11. Nf5 Bf6 12. Ne1 Ne7 13. Nxe7 Bxe7 14. f4 h5
15. Qf3 O-O-O 16. fxe5 Nxe5 17. Qf5+ Kb8 18. Bf4 f6 19. Bxe5 Qxe5 20. Nf3 Qxf5
21. exf5 Bd6 22. Nh4 Rhe8 23. Rfe1 Kc7 24. g3 Kd7 25. Kf2 b5 26. Rxe8 Rxe8 27.
Re1 Rxe1 28. Kxe1 c4 29. Ke2 Kc6 30. Nf3 Kd5 31. dxc4+ bxc4 32. b3 cxb3 33.
axb3 Ke4 34. Nh4 a6 35. Kd2 Bb4+ 36. Ke2 a5 37. Nf3 Bc3 38. Nh4 Bb2 39. Kd2 Ba3
40. Ke2 Bc1 41. Nf3 Be3 42. Nd2+ Bxd2 43. Kxd2 Kxf5 44. Kd3 Ke5 45. Kc4 g5 46.
Kb5 f5 47. Kxa5 f4 48. gxf4+ 0-1

[Event "Gatineau op"]
[Site "Gatineau CAN"]
[Date "2014.03.02"]
[Round "4"]
[White "Pacey, Kevin"]
[Black "Qin, Yuxuan"]
[Result "1/2-1/2"]
[WhiteElo "2216"]
[BlackElo "2038"]
[PlyCount "75"]
[EventDate "2014.02.28"]
[EventType "swiss"]
[EventRounds "5"]
[EventCountry "CAN"]

1. d4 Nf6 2. Nf3 g6 3. c4 Bg7 4. Nc3 O-O 5. e4 d6 6. Be2 Na6 7. Bg5 e5 8. d5 h6
9. Bh4 g5 10. Bg3 Nc5 11. Nd2 a5 12. Qc2 Ne8 13. O-O-O c6 14. f3 Nc7 15. Nb3
N5a6 16. Qd2 a4 17. Nxa4 b5 18. cxb5 cxb5 19. Nb6 Rb8 20. Bf2 Re8 21. h4 f6 22.
hxg5 fxg5 23. Be3 Bd7 24. Rh2 Na8 25. Nxd7 Qxd7 26. Rdh1 Nb6 27. Na5 Rec8+ 28.
Nc6 Nc4 29. Bxc4 bxc4 30. Rxh6 Nb4 31. Bd4 Nd3+ 32. Kd1 exd4 33. Qxg5 Nf2+ 34.
Ke1 Nxh1 35. Ne7+ Qxe7 36. Qxe7 Bxh6 37. Qe6+ Kh7 38. Qd7+ 1/2-1/2

[Event "Gatineau op"]
[Site "Gatineau CAN"]
[Date "2014.03.02"]
[Round "4"]
[White "Pilotte, Benoit"]
[Black "Jobin, Gilles G"]
[Result "1-0"]
[WhiteElo "1812"]
[BlackElo "1896"]
[PlyCount "83"]
[EventDate "2014.02.28"]
[EventType "swiss"]
[EventRounds "5"]
[EventCountry "CAN"]

1. g4 d5 2. Bg2 c6 3. h3 e5 4. d4 e4 5. c4 Be6 6. Nc3 Be7 7. Qb3 Qb6 8. Qxb6
axb6 9. cxd5 Bxd5 10. Bxe4 Bxe4 11. Nxe4 Nf6 12. Nxf6+ Bxf6 13. Nf3 Ra4 14. b3
Ra6 15. g5 Be7 16. O-O Ba3 17. Ne5 Nd7 18. f4 Nxe5 19. fxe5 Ke7 20. Bxa3+ Rxa3
21. Rf2 Rha8 22. Raf1 Rf8 23. e4 Ke6 24. h4 Rd8 25. Rxf7 Rxd4 26. Rxg7 Rxe4 27.
Rxh7 Rg4+ 28. Kh2 Rxa2+ 29. Kh3 Rgg2 30. Rxb7 Kxe5 31. Rxb6 Rgb2 32. Rc1 Rc2
33. Rxc6 Rg2 34. R1c3 Kf4 35. Rf6+ Ke5 36. Re3+ Kd4 37. Rg3 Rh2+ 38. Kg4 Ra8
39. h5 Ke4 40. g6 Ke5 41. Rf5+ Ke4 42. Rf4+ 1-0

[Event "Gatineau op"]
[Site "Gatineau CAN"]
[Date "2014.03.02"]
[Round "4"]
[White "Simic, Dusan"]
[Black "Desjardins, Michel"]
[Result "0-1"]
[WhiteElo "2175"]
[BlackElo "1971"]
[PlyCount "62"]
[EventDate "2014.02.28"]
[EventType "swiss"]
[EventRounds "5"]
[EventCountry "CAN"]

1. d4 d5 2. Nf3 Bf5 3. Bf4 e6 4. e3 Bd6 5. Bxd6 Qxd6 6. Nbd2 Nd7 7. Be2 h6 8.
c4 c6 9. Qb3 Rb8 10. c5 Qc7 11. Qc3 b6 12. b4 bxc5 13. bxc5 Ngf6 14. O-O O-O
15. Nh4 Bh7 16. f4 Ne4 17. Nxe4 Bxe4 18. Nf3 Nf6 19. Nd2 Rb7 20. g4 Rfb8 21.
Nb3 Rb4 22. Qe1 Bc2 23. g5 hxg5 24. fxg5 Ne4 25. g6 fxg6 26. Bg4 Qe7 27. Kh1
Bd3 28. Rg1 Rf8 29. h3 Nf2+ 30. Kh2 Qc7+ 31. Rg3 Ne4 0-1

[Event "Gatineau op"]
[Site "Gatineau CAN"]
[Date "2014.03.01"]
[Round "4"]
[White "Upper, John"]
[Black "Zhou, Qiyu"]
[Result "0-1"]
[WhiteElo "2227"]
[BlackElo "2209"]
[PlyCount "76"]
[EventDate "2014.02.28"]
[EventType "swiss"]
[EventRounds "5"]
[EventCountry "CAN"]

1. Nf3 Nf6 2. c4 e6 3. g3 b6 4. Bg2 Bb7 5. O-O Be7 6. b3 O-O 7. Bb2 c5 8. Nc3
d5 9. cxd5 exd5 10. d4 Nc6 11. Rc1 Qd7 12. Ne5 Qe6 13. Nxc6 Bxc6 14. e3 Rfd8
15. Ne2 Qd7 16. Nf4 Ne4 17. dxc5 bxc5 18. Qc2 Qb7 19. Rfd1 Rac8 20. Bh3 Rc7 21.
Be5 Bd6 22. Bxd6 Rxd6 23. Bf5 Ng5 24. Qxc5 Nf3+ 25. Kg2 Rf6 26. Nxd5 Rxf5 27.
Nxc7 Nd4+ 28. Qxc6 Nxc6 29. e4 h5 30. Nd5 Re5 31. Rc4 Kh7 32. Rdc1 Re6 33. f3
Ne5 34. Rc7 Qa6 35. Nf4 Rd6 36. R1c2 Rd1 37. Rf2 Qa5 38. Re7 Qe1 0-1

[Event "Gatineau op"]
[Site "Gatineau CAN"]
[Date "2014.03.02"]
[Round "4"]
[White "Wan, Kevin"]
[Black "Laferriere, Bruno"]
[Result "1-0"]
[WhiteElo "2184"]
[BlackElo "1790"]
[PlyCount "107"]
[EventDate "2014.02.28"]
[EventType "swiss"]
[EventRounds "5"]
[EventCountry "CAN"]

1. e4 c5 2. Nf3 Nc6 3. c3 e6 4. d4 cxd4 5. cxd4 d5 6. exd5 exd5 7. Nc3 Nf6 8.
Bg5 Be7 9. Bb5 Bg4 10. Qa4 O-O 11. Bxc6 Bxf3 12. gxf3 bxc6 13. Qxc6 Rc8 14. Qa6
Nh5 15. Bd2 Bg5 16. O-O-O Bxd2+ 17. Rxd2 Qg5 18. Qd6 Qg2 19. Re1 Rfd8 20. Qe5
Qxf3 21. Re3 Qg4 22. h3 Qh4 23. Kb1 Nf6 24. Qg3 Qh5 25. Re5 Qg6+ 26. Qxg6 hxg6
27. Re7 a6 28. Kc2 Kf8 29. Rde2 Rd7 30. Rxd7 Nxd7 31. Kd3 Nb6 32. Re5 Rd8 33.
b3 Rd6 34. a3 f6 35. Re2 Kf7 36. b4 Re6 37. Rxe6 Kxe6 38. a4 g5 39. a5 Nc4 40.
Na4 Kd6 41. Nc5 Kc6 42. Nxa6 Nd6 43. Nc5 Kb5 44. Kc3 f5 45. f3 g6 46. Kb3 Nc4
47. Kc3 Nd6 48. Kb3 Nc4 49. Kc3 Nd6 50. Ne6 g4 51. hxg4 fxg4 52. fxg4 Ne4+ 53.
Kc2 Kxb4 54. a6 1-0

[Event "Gatineau op"]
[Site "Gatineau CAN"]
[Date "2014.03.02"]
[Round "4"]
[White "Yang, Ryan"]
[Black "Krolczyk, Jacob"]
[Result "1-0"]
[WhiteElo "1866"]
[BlackElo "1851"]
[PlyCount "113"]
[EventDate "2014.02.28"]
[EventType "swiss"]
[EventRounds "5"]
[EventCountry "CAN"]

1. e4 c5 2. Nf3 d6 3. d4 cxd4 4. Nxd4 Nf6 5. Nc3 a6 6. Be2 e5 7. Nb3 Be6 8. a4
Nbd7 9. O-O Be7 10. Kh1 Rc8 11. f4 O-O 12. f5 Bxb3 13. cxb3 Nc5 14. Bf3 b5 15.
b4 Nxa4 16. Nxa4 bxa4 17. Qxa4 d5 18. exd5 e4 19. Be2 Qxd5 20. Bxa6 Rb8 21. b5
Qc5 22. Qb3 Nd5 23. Rd1 Rfd8 24. Bd2 Qf2 25. Ba5 Ne3 26. Rg1 Rd3 27. Qa2 Nxf5
28. Rgf1 Qc5 29. Rac1 Ng3+ 30. hxg3 Qh5+ 31. Kg1 Bc5+ 32. Rxc5 Qxc5+ 33. Kh2
Qh5+ 34. Kg1 Rd1 35. Qc4 e3 36. Qc2 Rxf1+ 37. Kxf1 Qh1+ 38. Ke2 Qxg2+ 39. Kd3
Qd5+ 40. Kxe3 Re8+ 41. Kf2 Qh5 42. Qc4 Qh2+ 43. Kf3 h5 44. Bc3 Qh1+ 45. Kf2
Qh2+ 46. Kf3 Qh3 47. Kf2 g5 48. Bb7 Qh2+ 49. Bg2 h4 50. gxh4 Qxh4+ 51. Qxh4
gxh4 52. b6 f6 53. b7 Kf7 54. Bh3 Rb8 55. Bc8 Ke7 56. Kg2 f5 57. Be5 1-0

[Event "Gatineau op"]
[Site "Gatineau CAN"]
[Date "2014.03.02"]
[Round "5"]
[White "Desjardins, Michel"]
[Black "Pacey, Kevin"]
[Result "0-1"]
[WhiteElo "1971"]
[BlackElo "2216"]
[PlyCount "90"]
[EventDate "2014.02.28"]
[EventType "swiss"]
[EventRounds "5"]
[EventCountry "CAN"]

1. e4 e6 2. d4 d5 3. e5 Bd7 4. Nf3 a6 5. Bd3 Bb5 6. O-O Nd7 7. c3 Ne7 8. a3 Ng6
9. g3 Bxd3 10. Qxd3 c5 11. b4 cxd4 12. cxd4 Rc8 13. Bg5 Be7 14. Bxe7 Nxe7 15.
Nbd2 Qc7 16. b5 axb5 17. Qxb5 O-O 18. Rab1 b6 19. Kg2 Rfd8 20. a4 h6 21. h4 Qc6
22. Qb4 Ng6 23. h5 Ngf8 24. Rb3 Ra8 25. Ra1 Qc2 26. g4 Rdc8 27. Ne1 Qc6 28. Nd3
Nc5 29. dxc5 bxc5 30. Qb5 c4 31. Qxc6 Rxc6 32. Rc3 Nd7 33. Nb4 Rb6 34. Nc2 Nxe5
35. Kg3 Rba6 36. Rca3 Nc6 37. f4 f6 38. Kf3 Kf7 39. Ne3 Nd4+ 40. Kf2 Nb5 41.
axb5 Rxa3 42. Rxa3 Rxa3 43. b6 Ra2 44. Nd1 Rxd2+ 45. Ke1 Rd3 0-1

[Event "Gatineau op"]
[Site "Gatineau CAN"]
[Date "2014.03.02"]
[Round "5"]
[White "Gelblum, Robert"]
[Black "Doubleday, William"]
[Result "0-1"]
[WhiteElo "2236"]
[BlackElo "2202"]
[PlyCount "124"]
[EventDate "2014.02.28"]
[EventType "swiss"]
[EventRounds "5"]
[EventCountry "CAN"]

1. e4 c5 2. Nf3 Nc6 3. Bb5 d6 4. Bxc6+ bxc6 5. O-O e5 6. c3 Bg4 7. d4 cxd4 8.
cxd4 f6 9. Nc3 Ne7 10. Be3 Nc8 11. Qd3 Be7 12. Nd2 Bd7 13. f4 exd4 14. Bxd4 O-O
15. f5 Re8 16. Qc4+ Kh8 17. Rf4 Bf8 18. Raf1 Qe7 19. Nf3 Nb6 20. Qb3 Rab8 21.
Qd1 Qf7 22. Nh4 Nc4 23. R1f3 Rxb2 24. Ng6+ Kg8 25. Rh3 Rd2 26. Qh5 h6 27. Ne2
c5 28. Bc3 Rxa2 29. Qg4 Ne5 30. Qh5 Rb8 31. Rf1 Bb5 32. Re1 Rxe2 33. Rxe2 Bxe2
34. Qxe2 Nxg6 35. fxg6 Qxg6 36. Rg3 Qf7 37. Qd2 Kh7 38. Qd3 Kh8 39. h3 c4 40.
Qd4 Rb3 41. Rf3 a5 42. Rf5 a4 43. Ra5 a3 44. Ra4 Kh7 45. Rxc4 Qb7 46. Ra4 d5
47. exd5 Qb6 48. Qxb6 Rxb6 49. Kf2 Rb3 50. Bd4 Rb2+ 51. Kf3 Rd2 52. Be3 Rxd5
53. Ra8 Bb4 54. Ra4 Bd6 55. Ke2 Rb5 56. Kf3 Rb3 57. Ke4 Rb4+ 58. Rxb4 Bxb4 59.
Bd4 Bd6 60. Kd3 Be5 61. Bxe5 fxe5 62. Kc3 e4 0-1

[Event "Gatineau op"]
[Site "Gatineau CAN"]
[Date "2014.03.02"]
[Round "5"]
[White "Kellar, Ben"]
[Black "Adriaanse, Adam"]
[Result "0-1"]
[WhiteElo "1956"]
[BlackElo "2097"]
[PlyCount "54"]
[EventDate "2014.02.28"]
[EventType "swiss"]
[EventRounds "5"]
[EventCountry "CAN"]

1. c4 Nf6 2. g3 e6 3. Bg2 d5 4. cxd5 exd5 5. d4 Bd6 6. Nc3 c6 7. Nf3 Bf5 8. O-O
O-O 9. Nh4 Bg4 10. Qd3 Nbd7 11. f3 Bh5 12. Nf5 Bg6 13. e4 Bxf5 14. exf5 Re8 15.
g4 Qc7 16. h4 Bh2+ 17. Kh1 Qg3 18. Bg5 h6 19. Ne2 Rxe2 20. Qxe2 hxg5 21. hxg5
Qh4 22. Bh3 Bf4 23. gxf6 Qxh3+ 24. Kg1 Nxf6 25. Qf2 Re8 26. Rfe1 Rxe1+ 27. Qxe1
Bh2+ 0-1

[Event "Gatineau op"]
[Site "Gatineau CAN"]
[Date "2014.03.02"]
[Round "5"]
[White "Krolczyk, Jacob"]
[Black "Cummins, Paul"]
[Result "0-1"]
[WhiteElo "1851"]
[BlackElo "1817"]
[PlyCount "96"]
[EventDate "2014.02.28"]
[EventType "swiss"]
[EventRounds "5"]
[EventCountry "CAN"]

1. Nf3 Nf6 2. g3 d5 3. Bg2 e6 4. d3 Bd6 5. O-O O-O 6. Nbd2 Re8 7. e4 e5 8. exd5
Nxd5 9. Nc4 Nc6 10. Nxd6 Qxd6 11. b3 Bg4 12. h3 Be6 13. Bb2 f6 14. Nd2 Qd7 15.
Kh2 Rad8 16. Ne4 b6 17. Qe2 Nd4 18. Qd2 Qf7 19. Nc3 Nxc3 20. Bxc3 Bxh3 21. Bxd4
Bxg2 22. Kxg2 Rxd4 23. Qe3 Qd5+ 24. Kg1 Qc6 25. Qd2 Rg4 26. Rac1 Rg6 27. Qb4
Rd8 28. Qc4+ Qxc4 29. bxc4 h5 30. Kg2 h4 31. Rh1 hxg3 32. fxg3 Rd4 33. Rce1
Rdg4 34. Rh3 Rh6 35. Reh1 Rxh3 36. Rxh3 f5 37. Kf3 g6 38. a4 Kg7 39. Kf2 Rg5
40. Rh1 Rh5 41. Rxh5 gxh5 42. Kf3 Kf6 43. c3 c5 44. Ke3 Kg5 45. a5 Kg4 46. axb6
axb6 47. Kf2 f4 48. gxf4 Kxf4 0-1

[Event "Gatineau op"]
[Site "Gatineau CAN"]
[Date "2014.03.02"]
[Round "5"]
[White "Laferriere, Bruno"]
[Black "Simic, Dusan"]
[Result "0-1"]
[WhiteElo "1790"]
[BlackElo "2175"]
[PlyCount "100"]
[EventDate "2014.02.28"]
[EventType "swiss"]
[EventRounds "5"]
[EventCountry "CAN"]

1. d4 g6 2. e4 d6 3. Bc4 Nf6 4. Nd2 Nc6 5. c3 Bg7 6. Ngf3 O-O 7. Qc2 e5 8. dxe5
dxe5 9. O-O Nh5 10. Nb3 Nf4 11. Bxf4 exf4 12. Rad1 Qe7 13. h3 Ne5 14. Nxe5 Bxe5
15. Qe2 c5 16. Rd2 b6 17. Rfd1 Rb8 18. Nc1 b5 19. Bd5 c4 20. Qf3 Qh4 21. Ne2 g5
22. g4 h5 23. Qg2 hxg4 24. hxg4 Bxg4 25. f3 Bh3 26. Qf2 Qxf2+ 27. Kxf2 Kg7 28.
Nd4 Bxd4+ 29. Rxd4 Rb6 30. b3 cxb3 31. Bxb3 Rc8 32. R1d3 Rbc6 33. Rd5 Rc5 34.
Rxc5 Rxc5 35. Rd5 Rxd5 36. Bxd5 Kf6 37. Bc6 Be6 38. Bxb5 Bxa2 39. Ke2 Ke5 40.
Ba6 Kd6 41. Kd3 Kc5 42. c4 Bb3 43. e5 Bd1 44. Bb7 a5 45. Bd5 a4 46. Kd2 a3 47.
Kc3 g4 48. Bxf7 g3 49. e6 g2 50. e7 g1=Q 0-1

[Event "Gatineau op"]
[Site "Gatineau CAN"]
[Date "2014.03.02"]
[Round "5"]
[White "Pilotte, Benoit"]
[Black "Lebrun, Roger"]
[Result "1/2-1/2"]
[WhiteElo "1812"]
[BlackElo "1939"]
[PlyCount "57"]
[EventDate "2014.02.28"]
[EventType "swiss"]
[EventRounds "5"]
[EventCountry "CAN"]

1. g4 d5 2. Bg2 c6 3. h3 e5 4. d4 e4 5. c4 Bd6 6. Nc3 Ne7 7. Bd2 a6 8. a4 O-O
9. Qb3 dxc4 10. Qa2 Be6 11. Bxe4 f5 12. gxf5 Rxf5 13. Bxf5 Nxf5 14. Nf3 Nd7 15.
e4 Nh4 16. Ng5 Qf6 17. Nxe6 Qxe6 18. O-O-O Nf3 19. Be3 c5 20. dxc5 Bxc5 21.
Bxc5 Nxc5 22. Rd5 Nb3+ 23. Kd1 Qh6 24. Ke2 Rf8 25. Rhd1 Nc1+ 26. Rxc1 Qxc1 27.
Nd1 Qc2+ 28. Ke3 Qc1+ 29. Ke2 1/2-1/2

[Event "Gatineau op"]
[Site "Gatineau CAN"]
[Date "2014.03.02"]
[Round "5"]
[White "Potvin, Daniel"]
[Black "Barlow Wilkes, Curtis"]
[Result "0-1"]
[WhiteElo "1622"]
[BlackElo "1835"]
[PlyCount "75"]
[EventDate "2014.02.28"]
[EventType "swiss"]
[EventRounds "5"]
[EventCountry "CAN"]

1. b3 d5 2. Bb2 Nf6 3. e3 Bf5 4. Nc3 Nbd7 5. Nge2 e5 6. Ng3 Bg6 7. d3 c6 8. Be2
Bd6 9. O-O O-O 10. f4 exf4 11. exf4 h6 12. f5 Bh7 13. Bc1 Qc7 14. Qe1 Rfe8 15.
d4 a6 16. Qf2 c5 17. Be3 Bxg3 18. hxg3 Bxf5 19. Bf4 Qa5 20. Na4 Ne4 21. Qe1
Qxe1 22. Raxe1 Bg6 23. dxc5 Nexc5 24. Nxc5 Nxc5 25. Bf3 Be4 26. Bd6 Nd7 27.
Bxe4 Rxe4 28. Rd1 Nf6 29. Ba3 Rc8 30. Rd2 Ng4 31. Bb2 f6 32. c3 Rce8 33. Bc1
Re2 34. a3 Rxd2 35. Bxd2 Re2 36. Rd1 Ne3 37. Bxe3 Rxe3 38. Rxd5 0-1

[Event "Gatineau op"]
[Site "Gatineau CAN"]
[Date "2014.03.02"]
[Round "5"]
[White "Qin, Yuxuan"]
[Black "De Kerpel, Stijn"]
[Result "0-1"]
[WhiteElo "2038"]
[BlackElo "2227"]
[PlyCount "36"]
[EventDate "2014.02.28"]
[EventType "swiss"]
[EventRounds "5"]
[EventCountry "CAN"]

1. e4 d5 2. exd5 Qxd5 3. Nc3 Qd6 4. Bc4 Nf6 5. Nge2 c6 6. d4 Bg4 7. f3 Bf5 8.
Bf4 Qd8 9. Qd2 e6 10. a3 Nbd7 11. O-O-O b5 12. Ng3 bxc4 13. Nxf5 Nb6 14. Rhe1
Nbd5 15. Ne4 Nxe4 16. Rxe4 c3 17. Qe1 Nxf4 18. Rxf4 Qb8 0-1

[Event "Gatineau op"]
[Site "Gatineau CAN"]
[Date "2014.03.02"]
[Round "5"]
[White "Villeneuve, Robert"]
[Black "Upper, John"]
[Result "1/2-1/2"]
[WhiteElo "2053"]
[BlackElo "2227"]
[PlyCount "81"]
[EventDate "2014.02.28"]
[EventType "swiss"]
[EventRounds "5"]
[EventCountry "CAN"]

1. e4 e6 2. d4 d5 3. Nd2 Nf6 4. e5 Nfd7 5. Bd3 c5 6. c3 Nc6 7. Ne2 cxd4 8. cxd4
f6 9. exf6 Nxf6 10. Nf3 Bd6 11. O-O Qc7 12. Bg5 O-O 13. Rc1 Qb6 14. Nc3 Bd7 15.
Na4 Qc7 16. Nc5 Rf7 17. Re1 Re8 18. Bh4 e5 19. Nxd7 Qxd7 20. dxe5 Nxe5 21. Nxe5
Bxe5 22. Rc2 Rfe7 23. Rce2 Bxb2 24. Bxf6 Bxf6 25. Qb1 Rxe2 26. Rxe2 Rxe2 27.
Bxe2 d4 28. Bc4+ Kh8 29. Qe4 Qe7 30. Qd5 Qe1+ 31. Bf1 Qb1 32. g3 h6 33. Kg2 Qb6
34. Kg1 Qc6 35. Qf7 a6 36. Bc4 Qc8 37. Be6 Qd8 38. Qg6 b5 39. Bf5 Kg8 40. Be6+
Kh8 41. Bf5 1/2-1/2

[Event "Gatineau op"]
[Site "Gatineau CAN"]
[Date "2014.03.02"]
[Round "5"]
[White "Zhou, Qiyu"]
[Black "Sambuev, Bator"]
[Result "0-1"]
[WhiteElo "2209"]
[BlackElo "2511"]
[PlyCount "44"]
[EventDate "2014.02.28"]
[EventType "swiss"]
[EventRounds "5"]
[EventCountry "CAN"]

1. e4 e6 2. d4 d5 3. Nc3 Bb4 4. e5 c5 5. a3 Ba5 6. b4 cxd4 7. Qg4 Ne7 8. bxa5
dxc3 9. Qxg7 Rg8 10. Qxh7 Nbc6 11. Nf3 Qc7 12. Bf4 Bd7 13. a6 O-O-O 14. Bg3 Nf5
15. axb7+ Kb8 16. Bd3 Nxg3 17. hxg3 Nxe5 18. O-O Rh8 19. Qg7 Nxf3+ 20. gxf3
Rdg8 21. Qxh8 Rxh8 22. Kg2 e5 0-1

[Event "Gatineau op U1500"]
[Site "Gatineau CAN"]
[Date "2014.02.28"]
[Round "1"]
[White "Ethier, Valori"]
[Black "Ketata, Nabil"]
[Result "1-0"]
[WhiteElo "1376"]
[BlackElo "1115"]
[PlyCount "59"]
[EventDate "2014.02.28"]
[EventType "swiss"]
[EventRounds "5"]
[EventCountry "CAN"]

1. e4 c5 2. Nf3 e6 3. d4 a6 4. c3 b5 5. Be3 d6 6. Nbd2 Nf6 7. h3 Be7 8. Bd3 O-O
9. Qe2 c4 10. Bc2 Bb7 11. O-O Nbd7 12. Rad1 Qa5 13. Bb1 h6 14. Bf4 Nh5 15. Bh2
Rac8 16. Rfe1 Nb6 17. e5 Nd5 18. Ne4 Nhf4 19. Bxf4 Nxf4 20. Qc2 Ng6 21. exd6
Bd8 22. Nc5 Bxf3 23. gxf3 b4 24. cxb4 Qb5 25. Re5 Qc6 26. Nxe6 Re8 27. Nxd8
Rcxd8 28. Qf5 Nxe5 29. Qh7+ Kf8 30. Qh8# 1-0

[Event "Gatineau op U1500"]
[Site "Gatineau CAN"]
[Date "2014.02.28"]
[Round "1"]
[White "Gunn, Richard"]
[Black "Simard, Paul"]
[Result "1-0"]
[WhiteElo "1206"]
[BlackElo "1286"]
[PlyCount "67"]
[EventDate "2014.02.28"]
[EventType "swiss"]
[EventRounds "5"]
[EventCountry "CAN"]

1. Nf3 Nc6 2. d4 d5 3. c4 e6 4. a3 Nf6 5. Nc3 b6 6. Bg5 h6 7. Bxf6 Qxf6 8. cxd5
exd5 9. Nxd5 Qd6 10. e4 Be7 11. Qc2 Bd7 12. Rc1 O-O 13. Nxc7 Rac8 14. Nb5 Qf6
15. Nc3 Nxd4 16. Nxd4 Qxd4 17. Rd1 Qf6 18. Rxd7 a5 19. Ba6 Rc6 20. O-O Qe6 21.
Rfd1 Rd6 22. R7xd6 Bxd6 23. Nd5 Bc5 24. b4 axb4 25. axb4 Be7 26. Qc7 Re8 27.
Qxb6 Qxe4 28. Qe3 Qc2 29. Nxe7+ Rxe7 30. Rd8+ Kh7 31. Bd3+ Qxd3 32. Qxd3+ g6
33. Kf1 Ra7 34. Qc3 1-0